00361nam a2200121Ia 4500008004100000020002200041082001900063100002100082245008700103250001600190260002500206300000800231210430s9999 xx 000 0 und d a978-93-325-2484-2 a660.2842 W244S aPhilip C. Wankat aSeparation process Engineering Includes Mass Transfer Analysis /cPhilip C. Wankat a3rd edition aIndiabPearsonc2014 a948